Villes de Haute-Savoie de plus de 10 000 hab - Statistiques

Statistiques générales
  • Ce quiz a été pris 269 fois
  • Le résultat moyen est 7 sur 11
Statistiques - réponses
Ville Population % Correct
Annecy 134 902
100%
Annemasse 39 299
88%
Thonon-les-Bains 38 149
88%
Cluses 16 959
70%
Bonneville 13 050
67%
Sallanches 17 705
61%
Saint-Julien-en-Genevois 16 810
51%
Rumilly 16 581
47%
La Roche-sur-Foron 11 061
43%
Passy 11 101
30%
Vétraz-Monthoux 10 664
11%
Aucun quiz correspondant
Distribution des résultats
% des personnes avec chaque résultat
Percentile par nombre de réponses
Votre historique - résultats
Vous n’avez pas pris ce quiz